Normal view MARC view

Entry Topical Term

Number of records used in: 1

001 - CONTROL NUMBER

  • control field: 21452

003 - CONTROL NUMBER IDENTIFIER

  • control field: OSt

005 - DATE AND TIME OF LATEST TRANSACTION

  • control field: 20210203164447.0

008 - FIXED-LENGTH DATA ELEMENTS

  • fixed length control field: 210203|| aca||aabn | a|a d

040 ## - CATALOGING SOURCE

  • Original cataloging agency: OSt
  • Transcribing agency: OSt

150 ## - HEADING--TOPICAL TERM

  • Topical term or geographic name entry element: Employment; Unemployment; Wages; Intergenerational Income Distribution; Aggregate Human Capital; Aggregate Labor Productivity

670 ## - SOURCE DATA FOUND

  • Source citation: Work cat.: (OSt)514649: Leung, Pauline. and Leary, Christopher O. 21451, Unemployment insurance and means-tested program interactions: Evidence from administrative data

Powered by Koha